[Event "Czerniak Memorial 12th"]
[Site "Tel Aviv"]
[Date "1996.??.??"]
[Round "6"]
[White "Zifroni, Dov"]
[Black "Har Zvi, Ronen"]
[Result "1/2-1/2"]
[WhiteElo "2455"]
[BlackElo "2510"]
[Annotator "Hecht,H"]
[PlyCount "104"]
[EventDate "1996.04.??"]
[EventType "tourn"]
[EventRounds "11"]
[EventCountry "ISR"]
[EventCategory "9"]
[SourceTitle "CBM 053"]
[Source "ChessBase"]
[SourceDate "1996.08.01"]
[SourceVersion "1"]
[SourceVersionDate "1996.08.01"]
[SourceQuality "1"]

1. e4 c5 2. c3 Nf6 3. e5 Nd5 4. d4 cxd4 5. Nf3 d6 6. Bc4 Nb6 7. Bb3 dxe5 8.
Nxe5 e6 9. cxd4 Nc6 10. Nxc6 bxc6 11. O-O Ba6 12. Re1 Be7 13. Nc3 O-O 14. Bf4
c5 15. d5 c4 16. Bc2 Nxd5 17. Nxd5 exd5 18. Re5 Bb7 19. Qh5 g6 20. Qh6 f5 21.
Rae1 Bf6 22. Re6 Bg7 23. Qh3 Qd7 24. Re7 Rae8 25. Qa3 Bxb2 26. Qc5 Rxe7 27.
Rxe7 Re8 28. Rxe8+ Qxe8 29. Be3 Bg7 30. Qxa7 d4 31. Qxb7 dxe3 32. Qd5+ Kh8 33.
fxe3 Qxe3+ 34. Kf1 Bd4 35. Qf3 Qg1+ 36. Ke2 Qc1 37. Bd1 Qb2+ 38. Kf1 Qxa2 39.
Qe2 Qxe2+ 40. Kxe2 {[#] ungleiche L, zwei vereinzelte schwarze Freibauern
durch 3 bzw. 4 Linien voneinander gertrennt (Variante + Text)} Kg7 41. Kf3 h5
42. h4 (42. h3 g5 43. g4 fxg4+ 44. hxg4 h4 45. Be2 c3 46. Bd3 Be5 47. Kg2 Kf6
$19) 42... Kf6 43. Ba4 Be5 44. Ke3 c3 45. Bd1 Bg3 46. Kd3 Be1 (46... Bxh4 47.
Kxc3 Ke5 48. Kd3 Kf4 49. Ke2 g5 50. Kf1 g4 51. Bc2 Kg5 52. Kg1 Bg3 53. Kh1 f4
54. Be4 $10 {der wL opfert sich auf f3}) 47. Ba4 Bd2 48. Be8 g5 49. g3 Be1 50.
Bxh5 f4 51. gxf4 $1 (51. hxg5+ Kxg5 52. Bf3 fxg3 {[#]} 53. Bg2 Kf4 {[%cal
Yf4d6,Yd6b4,Rb4b3,Yc4d4,Yd4f2,Yb4d4]} 54. Bb7 Ke5 55. Bg2 Kd6 56. Bb7 Kc5 57.
Bg2 Kb4 58. Bd5 (58. Kc2 Kc4 59. Bb7 Kd4 60. Kd1 Ke3 61. Bc6 Kf2 62. Bd5 Bd2
$19) 58... Bd2 {Zugzwang} 59. Kc2 Kc5 {mit Tempo!} 60. Bg2 Kd4 61. Bb7 Ke3 $19)
51... gxh4 52. Bg4 {[#]} Bd2 (52... Ke7 53. Bh3 Kd6 54. Bg4 Kc5 55. Bh3 Kb4 56.
Be6 Bd2 (56... h3 57. Bxh3 Kb3 58. Bd7 c2 59. Ba4+ $10) 57. f5 h3 (57... Kc5
58. f6 Kd6 59. f7 Ke7 (59... Bh6 60. Bh3 Bg7 61. f8=Q+ $10) 60. Kc2 Bh6 61. Bd5
Bg7 62. Kd3 h3 63. Kc2 h2 64. Kd3 Kd6 65. Bh1 Ke6 66. f8=Q $10) 58. f6 h2 59.
Bd5 Kc5 60. Bh1 Kd6 61. f7 Ke7 62. Bd5 $10) 1/2-1/2

[Event "RUS-Cup6"]
[Site "Krasnodar"]
[Date "1997.03.11"]
[Round "1"]
[White "Daniliuk, Sergey"]
[Black "Fedorov, Alexei"]
[Result "1/2-1/2"]
[WhiteElo "2410"]
[BlackElo "2580"]
[Annotator "Hecht,H"]
[PlyCount "103"]
[EventDate "1997.03.11"]
[EventType "swiss"]
[EventRounds "9"]
[EventCountry "RUS"]
[SourceTitle "EXT 2000"]
[Source "ChessBase"]
[SourceDate "1999.11.16"]
[SourceVersion "1"]
[SourceVersionDate "1999.11.16"]
[SourceQuality "1"]

1. e4 c5 2. c3 d6 3. d4 Nf6 4. dxc5 Nc6 5. Bc4 Nxe4 6. Bxf7+ Kxf7 7. Qh5+ Kg8
8. Qd5+ e6 9. Qxe4 d5 10. Qe3 b6 11. cxb6 axb6 12. Nf3 Bc5 13. Qg5 Qxg5 14.
Bxg5 Ba6 15. b4 Bd6 16. Be3 e5 17. a3 d4 18. cxd4 exd4 19. Nxd4 Be5 20. Nxc6
Bxa1 21. Kd2 Kf7 22. Bxb6 Rhe8 23. Be3 Rac8 24. Rc1 Bb5 25. Na5 Red8+ 26. Ke1
Rxc1+ 27. Bxc1 Ba4 28. Bd2 Rd3 29. b5 Rd5 30. b6 Re5+ 31. Kf1 Rb5 32. Nc3 Rxa5
33. b7 Rb5 34. Nxa4 Rxb7 35. Nc5 Rb1+ 36. Ke2 Bd4 37. Be3 Rb2+ 38. Kd3 Bxe3 39.
Kxe3 {3-2 Bauer auf einem Flügel ==> Remis (die Leichtfigur könnte auch der L
sein). Einfache Demonstration.} Rc2 40. Ne4 Ra2 41. Kf4 Rxa3 42. h4 h6 43. h5
Ke6 44. g4 Ra4 45. f3 Ra7 46. Ng3 Kd5 47. Nf5 Rf7 48. Kg3 Ke5 49. Nh4 Kd4 50.
Nf5+ Ke5 51. Nh4 Rf6 52. Nf5 1/2-1/2

[Event "ISR-ch"]
[Site "Jerusalem"]
[Date "1996.??.??"]
[Round "1"]
[White "Finkel, Alexander"]
[Black "Rotman, Daniel"]
[Result "1-0"]
[WhiteElo "2505"]
[BlackElo "2345"]
[Annotator "Hecht,H"]
[PlyCount "87"]
[EventDate "1996.10.26"]
[EventType "swiss"]
[EventRounds "9"]
[EventCountry "ISR"]
[SourceTitle "CBM 056"]
[Source "ChessBase"]
[SourceDate "1997.02.01"]
[SourceVersion "1"]
[SourceVersionDate "1997.02.01"]
[SourceQuality "1"]

1. e4 c5 2. c3 d5 3. exd5 Qxd5 4. d4 Nc6 5. Nf3 Bg4 6. Be2 cxd4 7. cxd4 e6 8.
h3 Bh5 9. Nc3 Qa5 10. d5 exd5 11. Nd4 Bxe2 12. Qxe2+ Be7 13. Nxc6 bxc6 14. O-O
Kf8 15. a3 Re8 16. Qd3 Bf6 17. Bd2 g6 18. b4 Qd8 19. Rad1 Kg7 20. b5 Ne7 21.
bxc6 d4 22. Qf3 Nxc6 23. Qxc6 Re6 24. Qb7 dxc3 25. Bh6+ Kxh6 26. Rxd8 Rxd8 27.
Qxf7 Rc6 28. Rc1 c2 29. Rxc2 Rd1+ 30. Kh2 Be5+ 31. f4 Rxc2 32. fxe5 {[#]_|_
Gewinn für die Q-Seite wegen schlechter schwarzer K-Stellung Lag Zeitnot vor?!
Bessere Verteidigung? Analyse!} Rdd2 (32... Re2 $2 33. Qf8+ Kg5 34. Qf6+ Kh5
35. Qf3+ $18) (32... Re1 $5 33. Qf8+ Kh5 34. Qf3+ (34. Qf4 $5 {/\e6 oder h4}
Rce2 35. e6 {Analyse!}) 34... Kh6 35. Qf4+ Kg7 (35... g5 36. Qf6+ Kh5 37. Qf5
Rc7 38. g4+ $18) 36. Qf6+ Kg8 (36... Kh6 37. Qh4+ $18) 37. e6 Rc8 38. Qf7+ Kh8
39. e7 Rg8 40. Qf6+ Rg7 41. Qf8+ Rg8 $11 {Wer findet besseres für Weiß?}) 33.
Qf8+ Kh5 34. Qf3+ Kg5 35. h4+ Kh6 (35... Kxh4 $5 36. e6 Re2 37. e7 Kg5 $13) 36.
Qe3+ Kg7 37. Qxa7+ Kh6 38. Qe3+ Kg7 39. Qf3 Ra2 40. Kh3 Rf2 41. Qc3 Rfc2 42.
Qd4 Rxa3+ 43. g3 Raa2 (43... Rcc3 44. e6+ Kg8 45. Qd8+ Kg7 46. Qe7+ Kh6 47.
Qf8+ Kh5 48. Qf4 Rc5 49. e7 Ra8 50. g4#) 44. e6+ 1-0

[Event "ISR-ch"]
[Site "Ramat Aviv"]
[Date "1998.11.15"]
[Round "4.2"]
[White "Liss, Eran"]
[Black "Tyomkin, Dimitri"]
[Result "0-1"]
[WhiteElo "2505"]
[BlackElo "2465"]
[Annotator "Hecht,H"]
[PlyCount "160"]
[EventDate "1998.11.08"]
[EventType "k.o."]
[EventRounds "5"]
[EventCountry "ISR"]
[SourceTitle "CBM 068"]
[Source "ChessBase"]
[SourceDate "1999.02.01"]
[SourceVersion "1"]
[SourceVersionDate "1999.02.01"]
[SourceQuality "1"]

1. e4 c5 2. c3 Qa5 3. Nf3 d6 4. h3 Nf6 5. Bd3 g6 6. O-O Bg7 7. Bc2 O-O 8. d4
Qc7 9. Re1 Nc6 10. Nbd2 cxd4 11. cxd4 e5 12. Nb3 a5 13. a3 a4 14. Nbd2 b5 15.
d5 Na5 16. Nf1 Nd7 17. Bd2 Nc5 18. Bxa5 Qxa5 19. Ne3 Bd7 20. Nd2 Rfc8 21. Rc1
Rc7 22. Bb1 Rac8 23. Qe2 Nb3 24. Nxb3 axb3 25. Rxc7 Rxc7 26. Rd1 Bh6 27. Bd3
Bg5 28. Kf1 Bd8 29. Qe1 Qa4 30. Qe2 Rc8 31. Qd2 h5 32. Rc1 Rc5 33. Rd1 Qa7 34.
Qe2 Ba5 35. Ra1 Bb6 36. Rb1 Qa4 37. Rd1 Rc7 38. Kg1 Bd4 39. Qd2 Qa7 40. Qe2 Qa5
41. Rb1 Kf8 42. Qd1 Rc5 43. Kf1 Ke7 44. Qe2 Rc8 45. Qd1 Rc5 46. Qe2 Qc7 47. Qd2
Qc8 48. Kg1 f6 49. Kh2 Qc7 50. Nd1 Be8 51. Ne3 Qa7 52. Kg1 Rc8 53. Rc1 Bxe3 54.
fxe3 Rxc1+ 55. Qxc1 Qc5 56. Qd2 Bd7 57. Kf2 f5 58. Ke2 fxe4 59. Bxe4 Bf5 60.
Bxf5 gxf5 {Komplexes Damenendspiel mit vielen Bauernschwächen beiderseits.
Taktik.} 61. Qd3 Qc1 62. Qxb3 (62. Qxf5 Qxb2+ 63. Kf3 e4+ $6 (63... Qxa3 $142
$5 {[%cal Rb3b2,Ga3d6] ermöglicht die Königsflucht via d8}) 64. Qxe4+ $8 Qe5
65. Qh7+ (65. Qd3 b2) 65... Kd8 66. Qd3 b2 $13) 62... Qg1 63. Qxb5 (63. Kf3 h4
{[%cal Rg1f1]} 64. Qxb5 (64. Qc2 Qf1+ 65. Qf2 e4+ $19) 64... e4+ 65. Ke2 (65.
Kf4 Kf6 66. Qe2 Qh2+ $19) 65... Qxg2+ 66. Ke1 Qxh3 $19 {[%csl Re3][%cal Rh4h1]
z.B:} 67. Qe2 Qg3+ 68. Qf2 Qxf2+ 69. Kxf2 f4 70. exf4 h3 71. Kg3 e3 $19) 63...
Qxg2+ 64. Ke1 Qxh3 65. Qb6 Qh1+ 66. Kf2 Qxd5 67. Qc7+ Kf6 68. Qd8+ Kg6 69. Qe8+
Qf7 70. Qd8 Qf6 71. Qg8+ Kh6 72. b4 e4 73. Kg3 h4+ 74. Kh3 f4 75. exf4 Qxf4 76.
b5 (76. Qg4 Qxg4+ 77. Kxg4 e3 78. Kf3 h3 $19) 76... e3 77. b6 e2 78. Qh8+ (78.
b7 e1=Q {[%csl Rg3]} 79. Qh8+ Kg6 80. Qg8+ Kf6 81. Qf8+ Ke5 82. Qe7+ Kd4 83.
Qg7+ Ke3 84. Qe7+ Kf2 $19) 78... Kg6 79. Qg8+ Kf6 80. Qf8+ Ke5 0-1

[Event "Mitropa Cup 16th"]
[Site "Buekfuerdo"]
[Date "1995.??.??"]
[Round "2"]
[White "Godena, Michele"]
[Black "Kuijf, Marinus"]
[Result "1/2-1/2"]
[WhiteElo "2430"]
[BlackElo "2465"]
[Annotator "Hecht,H"]
[PlyCount "95"]
[EventDate "1995.02.27"]
[EventType "team-tourn"]
[EventRounds "9"]
[EventCountry "HUN"]
[SourceTitle "CBM 046 Extra"]
[Source "ChessBase"]
[SourceDate "1995.07.01"]
[SourceVersion "1"]
[SourceVersionDate "1995.07.01"]
[SourceQuality "1"]

1. e4 c5 2. c3 d5 3. exd5 Qxd5 4. d4 Nc6 5. Nf3 cxd4 6. cxd4 e5 7. Nc3 Bb4 8.
Bd2 Bxc3 9. Bxc3 e4 10. Ne5 Nxe5 11. dxe5 Ne7 12. Qe2 O-O 13. Rd1 Qxa2 14. Qxe4
Bf5 15. Qd4 Bc2 16. Rc1 Rfd8 17. Qc5 Ng6 18. Bc4 Bb3 19. Bxb3 Qxb3 20. O-O Nf4
21. Ra1 b6 22. Qe3 Nd5 23. Qg3 Nxc3 24. Qxc3 Qxc3 25. bxc3 Rd3 26. Rfb1 Rad8
27. g3 R8d7 28. Kg2 g6 29. Ra3 Re7 30. Rba1 Rxe5 31. Rxa7 Rxc3 32. Rb1 Rc2 33.
Ra3 Rf5 34. Rf3 Rxf3 35. Kxf3 Rc6 36. g4 {Beide R stehen nicht ideal hinter
dem Freibauern, sonden davor oder seitlich.} g5 $6 {Schwächt! Verschafft dem
Gegner eine Angriffsmarke.} (36... Kf8 $5 37. g5 Ke7 $19 {Idee: sK zum b-B, sT
deckt f7 von c7 aus Beispiel:} 38. Ra1 Kd6 39. Ra8 b5 40. Rh8 b4 41. Rxh7 b3
42. Rxf7 Rb6 43. Rf4 b2 44. Rd4+ Ke5 45. Rd1 b1=Q 46. Rxb1 Rxb1 $19) 37. Rb5 $1
$132 {Angriffsmarke g5} h6 38. Kg3 Kg7 39. h4 f6 40. hxg5 hxg5 41. f4 $1 Rc3+ (
41... gxf4+ 42. Kxf4 Kf7 43. Ke4 Ke6 44. Kd4 Kd6 45. g5 $10) 42. Kf2 gxf4 43.
Rxb6 Kg6 44. Rb5 Rg3 45. Ra5 Rxg4 46. Kf3 Rh4 47. Rb5 f5 48. Rb8 1/2-1/2

[Event "Kemerovo1"]
[Site "Kemerovo"]
[Date "1995.??.??"]
[Round "9"]
[White "Kharlov, Andrei"]
[Black "Yudasin, Leonid"]
[Result "1/2-1/2"]
[WhiteElo "2555"]
[BlackElo "2630"]
[Annotator "Hecht,H"]
[PlyCount "88"]
[EventDate "1995.08.??"]
[EventType "tourn"]
[EventRounds "11"]
[EventCountry "RUS"]
[EventCategory "12"]
[SourceTitle "CBM 050"]
[Source "ChessBase"]
[SourceDate "1996.02.01"]
[SourceVersion "1"]
[SourceVersionDate "1996.02.01"]
[SourceQuality "1"]

1. e4 c5 2. c3 Nf6 3. e5 Nd5 4. d4 cxd4 5. Nf3 d6 6. Bc4 Nb6 7. Bb3 dxe5 8.
Nxe5 e6 9. O-O Nc6 10. Nxc6 bxc6 11. cxd4 Be7 12. Nc3 O-O 13. Bf4 Ba6 14. Re1
c5 15. dxc5 Qxd1 16. Rexd1 Bxc5 17. Ne4 Be7 18. Rac1 Rfc8 19. f3 Kf8 20. Bc7
Bc4 21. Bxc4 Rxc7 22. Bb3 Rac8 23. Rxc7 Rxc7 24. Kf1 a5 25. Nc3 Bf6 26. Rd6 Nc4
27. Bxc4 Rxc4 28. Rd3 Bxc3 29. bxc3 {T-T Motive: aktivere sT+K. Die
Schlußposition ist remis, weil ein schwarzer Freibauer zum Ausgleich reicht}
Ke7 30. Ke2 h5 31. Kd1 Ra4 32. Rd2 Ra3 33. Rc2 Kd6 34. Kc1 Ra4 35. Kb2 Rf4 36.
Rd2+ Kc5 37. Re2 Kd5 38. Rd2+ Kc4 39. Rd7 g5 40. h3 f6 41. Ra7 g4 42. hxg4 hxg4
43. Rxa5 Kd3 44. fxg4 Rxg4 (44... Rxg4 45. Ra6 Rxg2+ 46. Kb3 e5 47. Rxf6 e4 48.
Rd6+ Ke2 49. a4 e3 50. a5 $10) 1/2-1/2

[Event "LAT-ch"]
[Site "Latvia"]
[Date "1994.??.??"]
[Round "3"]
[White "Sokolovs, Andrei"]
[Black "Miezis, Normunds"]
[Result "0-1"]
[WhiteElo "2515"]
[BlackElo "2430"]
[Annotator "Hecht,H"]
[PlyCount "153"]
[EventDate "1994.??.??"]
[EventType "tourn"]
[EventRounds "11"]
[EventCountry "LAT"]
[EventCategory "7"]
[SourceTitle "CBM 041"]
[Source "ChessBase"]
[SourceDate "1994.08.01"]
[SourceVersion "1"]
[SourceVersionDate "1994.08.01"]
[SourceQuality "1"]

1. e4 c5 2. c3 d5 3. exd5 Qxd5 4. d4 e6 5. Nf3 Nf6 6. Be2 Be7 7. O-O cxd4 8.
cxd4 Nc6 9. Nc3 Qd8 10. Bg5 O-O 11. Rc1 Nd5 12. Bxe7 Ncxe7 13. Ne5 b6 14. Nxd5
Nxd5 15. Qa4 Bb7 16. Bf3 Qd6 17. Qd7 Qxd7 18. Nxd7 Rfd8 19. Ne5 Rac8 20. Rfd1
Kf8 21. g3 Ke7 22. Kg2 g5 23. h3 f6 24. Ng4 h5 25. Ne3 Kd6 26. b3 h4 27. Nc4+
Kd7 28. Ne3 Nxe3+ 29. fxe3 Bxf3+ 30. Kxf3 hxg3 31. Kxg3 Rxc1 32. Rxc1 f5 33.
Rg1 Rh8 34. Kf2 Rh5 35. Rg3 Kd6 36. Ke2 Kd5 37. Kd3 f4 38. Rf3 e5 39. dxe5 Kxe5
40. exf4+ gxf4 41. Ke2 Rg5 42. Kf2 Ke4 43. Rc3 Rd5 44. Ke2 b5 45. a4 a6 46. h4
Rh5 47. Rc6 (47. axb5 axb5 48. Rh3 b4 49. Kf2 Rc5 50. h5 Rc2+ 51. Kg1 Rc3 52.
Rh2 Kf3 53. Rf2+ Kg4 $17) 47... Rxh4 48. Re6+ Kd4 49. Rxa6 b4 50. Rd6+ (50. Rc6
Rh2+ 51. Kf3 (51. Kd1 f3 $19) 51... Rh3+ 52. Kxf4 Rxb3 53. a5 Ra3 54. a6 b3 55.
Rb6 Kc3 56. Ke3 b2 $19) 50... Kc3 51. Rd3+ Kc2 52. Rf3 Rh5 53. Ke1 Re5+ 54. Kf2
Kb2 55. Rd3 Rf5 56. Kf3 (56. Ke2 $5 Rc5 {Analyse!}) 56... Kc2 57. Ke4 Rc5 58.
Rf3 Rc3 59. Kxf4 Kxb3 60. a5 Ka4 61. a6 Rc7 62. Ke5 b3 63. Rf6 Kb5 (63... b2
64. Rb6 Ka3 65. Kd6 (65. Rb5 $5 Rc5+ 66. Rxc5 b1=Q 67. Ra5+ Kb4 68. a7 Qe1+ 69.
Kd6 Qg3+ 70. Kd7 Qg7+ 71. Kc8 Qf8+ 72. Kb7 Qe7+ 73. Kb8 Qd8+ 74. Kb7 Qd7+ 75.
Kb6 $10 {Korrekt?} (75. Kb8 Kxa5 76. a8=Q+ Kb6 $19)) 65... Ra7 66. Kc6 Ka2 67.
Rxb2+ Kxb2 68. Kb6 $10) 64. Rf3 Kc4 65. Rf6 b2 66. Rb6 Kc3 67. Kd6 Ra7 68. Kc5
Rxa6 $1 69. Rxa6 b1=Q 70. Ra3+ Kb2 71. Ra5 Qf5+ 72. Kb6 Qe6+ 73. Kb7 Qd7+ 74.
Kb6 Kb3 75. Rc5 Kb4 76. Rc7 Qd6+ 77. Rc6 (77. Rc6 $2 Qb8+ 78. Ka6 Qb5+ $19) (
77. Kb7 Kb5 78. Kc8 Kb6 $2 (78... Qd5 $1 $19) 79. Rb7+ Ka6 80. Ra7+ Kb5 81.
Rb7+ Kc6 82. Rb6+ $10) 0-1

[Event "RUS-ch 54th"]
[Site "Elista"]
[Date "2001.05.01"]
[Round "2"]
[White "Sveshnikov, Evgeny"]
[Black "Tomashevsky, Evgeny"]
[Result "1/2-1/2"]
[WhiteElo "2571"]
[BlackElo "2408"]
[Annotator "Hecht,H"]
[PlyCount "105"]
[EventDate "2001.04.29"]
[EventType "swiss"]
[EventRounds "9"]
[EventCountry "RUS"]
[SourceTitle "CBM 083"]
[Source "ChessBase"]
[SourceDate "2001.07.05"]
[SourceVersion "1"]
[SourceVersionDate "2001.07.05"]
[SourceQuality "1"]

1. e4 Nf6 2. e5 Nd5 3. c4 Nb6 4. c5 Nd5 5. Nc3 e6 6. d4 d6 7. cxd6 cxd6 8. Nf3
Nc6 9. Bd3 dxe5 10. dxe5 Ndb4 11. Be4 Qxd1+ 12. Kxd1 Na6 13. a3 Nc5 14. Bd3 a6
15. Re1 b5 16. b4 Nd7 17. Be4 Bb7 18. Bg5 Nb6 19. Nd2 Be7 20. Be3 Nd7 21. f4
Rc8 22. Rc1 O-O 23. Nf3 f6 24. Nd4 fxe5 25. Nxe6 Rfe8 26. f5 Nf6 27. Bf3 Nd8
28. Bxb7 Nxb7 29. Bg5 Nd6 30. Bxf6 Bxf6 31. g4 g6 32. Nd5 Rxc1+ 33. Kxc1 Kf7
34. g5 gxf5 35. Ndc7 Rxe6 36. Nxe6 Kxe6 37. gxf6 Kxf6 {[#] Starke verbundene
Freibauern} 38. Kd2 e4 39. Rg1 Ke5 40. Rg7 Nc4+ 41. Kc3 Kf4 $6 (41... f4 $1 42.
Rxh7 f3 43. Rf7 e3 44. Kd3 (44. Rxf3 e2 $19) 44... e2 45. Re7+ Kd6 $19 {
[%cal Rc4a3,Ra3c2]}) 42. Rxh7 e3 43. Kd3 Ne5+ 44. Ke2 Ke4 45. Re7 f4 46. h4 f3+
47. Kd1 Kd3 48. Re8 (48. Rxe5 $2 f2 49. Rd5+ Ke4 50. Ke2 Kxd5 51. h5 Ke5 $19)
48... e2+ 49. Ke1 Ng4 50. Rd8+ Ke3 51. Re8+ Kd3 52. Rd8+ Ke3 53. Re8+ 1/2-1/2

[Event "Pardubice"]
[Site "Pardubice"]
[Date "1994.??.??"]
[Round "1"]
[White "Hracek, Zbynek"]
[Black "Sokolov, Ivan"]
[Result "1/2-1/2"]
[WhiteElo "2530"]
[BlackElo "2625"]
[Annotator "Hecht,H"]
[PlyCount "187"]
[EventDate "1994.07.??"]
[EventType "tourn"]
[EventRounds "9"]
[EventCountry "CZE"]
[EventCategory "15"]
[SourceTitle "CBM 042"]
[Source "ChessBase"]
[SourceDate "1994.10.01"]
[SourceVersion "1"]
[SourceVersionDate "1994.10.01"]
[SourceQuality "1"]

1. e4 c5 2. c3 d5 3. exd5 Qxd5 4. d4 Nf6 5. Nf3 Nc6 6. dxc5 Qxc5 7. Na3 Ng4 8.
Qe2 Bf5 9. h3 Bd3 10. Qd2 Bxf1 11. Rxf1 Nf6 12. Qe2 Rc8 13. Be3 Qa5 14. Nc4 Qc7
15. O-O-O e6 16. g3 Nb4 17. Nce5 Qa5 18. Bd4 Be7 19. a3 Nc6 20. Nxc6 Rxc6 21.
Qe5 Qxe5 22. Nxe5 Ra6 23. Ng4 Nxg4 24. hxg4 f6 25. Be3 Ra4 26. f3 b5 27. Rfe1
a6 28. Bb6 Kf7 29. b4 Rc8 30. Kb2 Rc6 31. Ba5 Bd6 32. f4 g5 33. Re4 gxf4 34.
gxf4 f5 35. Red4 Be7 36. g5 e5 37. fxe5 Ke6 38. Rg1 Rc4 39. Kb3 Rxd4 40. cxd4
Kd5 41. g6 hxg6 42. Rxg6 Kxd4 43. Rg7 Bxb4 44. axb4 Kxe5 45. Rg1 (45. Rg6 f4
46. Rxa6 f3 47. Ra7 Ke4 48. Bb6 Rxa7 49. Bxa7 Kd3 50. Bb6 Kd2 51. Kb2 Kd3 52.
Kc1 Kc4 53. Bc5 f2 $10) 45... f4 46. Bc7+ Ke4 47. Re1+ Kd3 48. Rf1 Ke3 49. Rxf4
(49. Bxf4+ Ke2 50. Rh1 a5 $10) 49... a5 50. bxa5 Rxa5 51. Rb4 Ra1 52. Be5 Ra6
53. Rxb5 Rc6 54. Bc3 Kd3 55. Rd5+ Ke4 56. Rd4+ Ke5 57. Kc2 Ke6 58. Re4+ Kd5 59.
Rg4 Rh6 60. Bd4 Rh3 61. Kd2 Rf3 62. Be3 Rf1 63. Kd3 Rd1+ 64. Bd2 Ke5 65. Rg5+
Ke6 66. Rh5 Kd6 67. Ke3 Kc6 68. Bc3 Rd5 69. Rh8 Rg5 70. Bd4 Rg4 71. Kd3 Kd5 72.
Rh5+ Ke6 73. Kc4 Rg8 74. Ra5 Rc8+ 75. Kd3 Rg8 76. Be5 Rg4 77. Ke3 Rg1 78. Bf4
Rb1 79. Kd3 Rb3+ 80. Kc4 Rb1 81. Be3 Rh1 82. Bd4 Rc1+ 83. Bc3 Rd1 84. Re5+ Kd6
85. Re2 Kc6 86. Bd2 Rh1 87. Re6+ Kd7 88. Rg6 Rd1 89. Bf4 Ke7 90. Be5 Kf7 91.
Ra6 Rd7 92. Kc5 Rd1 93. Bd4 Rb1 94. Rf6+ 1/2-1/2

[Event "EU-ch 2nd"]
[Site "Ohrid"]
[Date "2001.06.02"]
[Round "2"]
[White "Basagic, Zlatko"]
[Black "Stefansson, Hannes"]
[Result "1-0"]
[WhiteElo "2345"]
[BlackElo "2570"]
[Annotator "Hecht,H"]
[PlyCount "116"]
[EventDate "2001.06.01"]
[EventType "swiss"]
[EventRounds "13"]
[EventCountry "YUG"]
[SourceTitle "CBM 084"]
[Source "ChessBase"]
[SourceDate "2001.09.13"]
[SourceVersion "1"]
[SourceVersionDate "2001.09.13"]
[SourceQuality "1"]

1. e4 c5 2. c3 d5 3. exd5 Qxd5 4. Nf3 Nf6 5. Na3 e6 6. d4 Qd8 7. Nc2 Be7 8. Bg5
O-O 9. Bd3 Nbd7 10. Qe2 b6 11. Rd1 Qc7 12. O-O Bb7 13. Rfe1 Rad8 14. Ne5 cxd4
15. cxd4 Nxe5 16. dxe5 Nd5 17. Qe4 g6 18. Qh4 Bxg5 19. Qxg5 Qe7 20. Qh6 Nb4 21.
Re3 f5 22. Nxb4 Qxb4 23. Rg3 Qe7 24. Rc1 Rd4 25. Bf1 Rfd8 26. Rgc3 a6 27. Rc7
R8d7 28. Rxd7 Qxd7 29. Qe3 b5 30. Rc7 Qxc7 31. Qxd4 Kg7 32. Qa7 g5 33. a4 bxa4
34. Bxa6 Qc1+ 35. Bf1 Qc6 36. Qd4 h6 37. Qd8 g4 38. Qf6+ Kh7 39. Qf7+ Kh8 40.
Qg6 Qd5 41. Qxh6+ Kg8 42. Qf4 Bc6 43. Qc4 Qd7 44. Qf4 Kf7 45. Qc4 Qb7 46. Qd4
Bd5 47. h3 gxh3 48. gxh3 Qc6 49. Kh2 Kg6 50. h4 Qc1 51. Bg2 Bxg2 52. Kxg2 Kh5
53. Qxa4 Qxb2 54. Qe8+ Kxh4 55. Qxe6 Qb7+ 56. Kh2 Qh7 57. Qc4+ Kg5+ 58. Kg3 Qe7
$2 {Verliert wegen Dh4+ sofort.} (58... Qd7 $142 59. Qh4+ Kg6 60. Qf6+ Kh5 61.
f3 Qc8 62. Qg7 f4+ 63. Kxf4 Qc4+ 64. Kg3 Qh4+ 65. Kg2 Qh3+ {Pattgefahr!} 66.
Kf2 Qh2+ (66... Qh4+ 67. Qg3 Qd4+ 68. Kg2 $18) 67. Ke3 $18) (58... Qg7 $2 59.
Qh4+ Kg6 60. Kf4 Kf7 61. Qg5 $18) 1-0

[Event "Julian Borowski-A 3rd"]
[Site "Essen"]
[Date "2001.05.05"]
[Round "4"]
[White "Smagin, Sergey"]
[Black "Nijboer, Friso"]
[Result "1/2-1/2"]
[WhiteElo "2613"]
[BlackElo "2580"]
[Annotator "Hecht,H"]
[PlyCount "124"]
[EventDate "2001.05.02"]
[EventType "tourn"]
[EventRounds "9"]
[EventCountry "GER"]
[EventCategory "15"]
[SourceTitle "CBM 083"]
[Source "ChessBase"]
[SourceDate "2001.07.05"]
[SourceVersion "1"]
[SourceVersionDate "2001.07.05"]
[SourceQuality "1"]

1. e4 c5 2. c3 Nf6 3. e5 Nd5 4. Nf3 Nc6 5. d4 cxd4 6. Bc4 Nb6 7. Bb3 d5 8. exd6
Qxd6 9. O-O Be6 10. Bxe6 Qxe6 11. Nxd4 Nxd4 12. Qxd4 Rd8 13. Qf4 Qc6 14. Nd2 g6
15. Qe5 f6 16. Qe2 Bg7 17. a4 O-O 18. Qxe7 Rfe8 19. Qb4 f5 20. Qb3+ Qd5 21. a5
Qxb3 22. Nxb3 Nc4 23. Ra4 Rc8 24. Rb4 b6 25. axb6 axb6 26. Nd2 Ne5 27. Rxb6 Nd3
28. Rd6 Rcd8 29. Rxd8 Rxd8 30. Nb1 Re8 31. b4 Re2 32. g3 Ne1 33. Be3 g5 34. b5
Be5 35. Bxg5 Nf3+ 36. Kh1 Nxg5 37. f4 Bxf4 38. gxf4 Ne4 {[#] Verbundene weiße
Freibauern ohne Dynamik wegen gutem Figurenzusammenspiel bei Schwarz.} 39. c4
Kf7 40. Rc1 (40. Kg1 $5) 40... Nf2+ 41. Kg1 Nh3+ 42. Kf1 Rxh2 43. Rc3 Nxf4 44.
Rb3 (44. Rf3 $5 Rh1+ 45. Kf2 Rxb1 46. Rxf4 Ke6 47. Rh4) 44... Rh1+ 45. Kf2 Rh2+
46. Kg1 Rg2+ (46... Rc2 47. Na3 Ra2 48. b6 Ne2+ 49. Kf1 Nd4 50. b7 Nc6 51. Nb5
$16) 47. Kf1 Rg8 48. Rf3 Ng6 49. Rxf5+ Ke6 50. Rh5 Ne5 51. Nd2 Rc8 52. Rh6+ Kf5
53. Ke2 Nxc4 54. Nxc4 Rxc4 55. Kd3 Rc7 56. b6 Rd7+ 57. Kc4 Kg5 58. Rh3 h5 59.
Rd3 Rb7 60. Kc5 h4 61. Kc6 Rxb6+ 62. Kxb6 Kg4 1/2-1/2

[Event "RUS-chT 06th"]
[Site "St Petersburg"]
[Date "1999.05.20"]
[Round "5"]
[White "Chernyshov, Konstantin"]
[Black "Rublevsky, Sergei"]
[Result "1/2-1/2"]
[WhiteElo "2488"]
[BlackElo "2684"]
[Annotator "Hecht,H"]
[PlyCount "98"]
[EventDate "1999.05.16"]
[EventType "team-tourn"]
[EventRounds "9"]
[EventCountry "RUS"]
[SourceTitle "EXT 2020"]
[Source "ChessBase"]
[SourceDate "2019.10.17"]
[SourceVersion "1"]
[SourceVersionDate "2019.10.17"]
[SourceQuality "1"]
[WhiteTeam "Voronezh OShK"]
[BlackTeam "Kazan Sberbank-Tatarstan"]
[WhiteTeamCountry "RUS"]
[BlackTeamCountry "RUS"]

1. e4 c5 2. Nf3 e6 3. c3 Nf6 4. e5 Nd5 5. d4 cxd4 6. cxd4 d6 7. Bc4 Nb6 8. Bg5
Be7 9. Bxe7 Qxe7 10. Bd3 Bd7 11. Nbd2 Bc6 12. O-O N8d7 13. Be4 Nd5 14. Nc4 dxe5
15. dxe5 O-O 16. Na5 Qb4 17. Nxc6 Qxe4 18. Re1 Qc4 19. Ne7+ Nxe7 20. Qxd7 Qb4
21. a3 Rad8 22. Qc7 Rc8 23. axb4 Rxc7 24. Rxa7 Nc6 25. Ra4 b5 26. Ra3 Nxb4 27.
Rb3 Nc2 28. Rc1 Rb8 29. Ne1 Nd4 30. Rxc7 Nxb3 {[#] Thema: Mattangriff gegen
Freibauer} 31. f4 h6 32. Kf2 Rd8 33. Rb7 (33. Ke3 $5 {mit der Absicht Sd3 oder
Sf3}) 33... Rd5 34. h4 g5 35. hxg5 hxg5 36. g3 Na5 37. Ra7 Rd2+ 38. Kf1 Nc4 39.
Nf3 Rxb2 40. Nxg5 b4 {[#] Das Thema: Einfaches Bauernfressen auf f7 scheint
ohne Effekt zu sein, weil die weißen Bauern nicht gefährlich sind. Weiß spielt
also auf Matt.} 41. Ne4 (41. Nxf7 b3 42. Nh6+ Kf8 43. f5 {ist gleichwohl eine
beachtliche Alternative. Bitte meine Anregungen durch genauere Analyse prüfen!}
Nxe5 44. f6 (44. fxe6 Nc6 (44... Rc2 45. e7+ Ke8 46. Nf5 $18) 45. Rc7 Rc2 46.
Nf5 Kg8 47. e7 Nxe7 48. Rxe7 b2 49. Rb7 $11) 44... Ke8 45. f7+ Nxf7 46. Nxf7
Rc2 47. Ng5 b2 48. Rb7 e5 49. Nf7 $11) 41... Kg7 42. Nf6 Nd2+ 43. Ke1 (43. Kg1
Nf3+ 44. Kh1 $4 (44. Kf1 Nh2+ 45. Ke1 Nf3+ {siehe Partie}) 44... Rh2#) 43...
Nf3+ 44. Kd1 b3 45. Ra8 Kg6 46. g4 Rd2+ (46... Rg2 47. Rg8+ Kh6 48. g5+ Nxg5
49. fxg5+ Rxg5 50. Rxg5 Kxg5 51. Kc1 Kf5 52. Nd7 f6 53. exf6 Kg6 54. Kb2 e5 55.
Kxb3 Kf7 56. Kc4 Ke6 $11 {ist, wenn es denn stimmt, unlogisch, weil mit der
Partiefortsetzung das Remis klar ist.}) 47. Kc1 Rc2+ 48. Kd1 (48. Kb1 Nd2+ 49.
Ka1 b2+ 50. Ka2 b1=Q+ $19) 48... Rd2+ 49. Kc1 Rc2+ 1/2-1/2